000 00468nam a2200181Ia 4500
008 090124s9999 xx 000 0 und d
082 _b122098
100 _aसाठे शंकर भाऊ
245 _a सगुणा
250 _a1
260 _c1987
300 _a160
600 _aसाठे शंकर भाऊ
630 _a सगुणा
700 _aसाठे शंकर भाऊ
730 _a सगुणा
942 _cBOOK
999 _c168184
_d168184